| 000 | 00627nam a22002172 4500 | ||
|---|---|---|---|
| 001 | 0000012719 | ||
| 005 | 20151217152113.0 | ||
| 008 | 090316s xx 000 0 eng d | ||
| 020 | _a0071116459 : | ||
| 040 |
_aKABU _cKABU |
||
| 100 | 1 |
_aSantrock, John W. _@0000152988 |
|
| 245 | 1 | 0 |
_aChild development / _cJohn W. Santrock. |
| 250 | _a11th ed. | ||
| 260 |
_aBoston : _bMcGraw-Hill, _c2007. |
||
| 300 | _axxxii, 585 [89] p. | ||
| 650 | 0 |
_aChild development. _@0000148112 |
|
| 650 | 0 |
_aChild psychology. _@0000148106 |
|
| 852 | 1 | _9p2395 KES | |
| 908 | _a090316 | ||
| 950 | _@1 | ||
| 999 |
_c8293 _d8293 |
||